MyGZULibrary

Anthropology : (Record no. 10125)

MARC details
000 -LEADER
fixed length control field 00999cam a2200277 a 4500
001 - CONTROL NUMBER
control field 16992704
003 - CONTROL NUMBER IDENTIFIER
control field GZU
005 - DATE AND TIME OF LATEST TRANSACTION
control field 20211014161422.0
008 - FIXED-LENGTH DATA ELEMENTS--GENERAL INFORMATION
fixed length control field 111007m20122008nyuab b 001 0 eng
010 ## - LIBRARY OF CONGRESS CONTROL NUMBER
LC control number 2011041708
020 ## - INTERNATIONAL STANDARD BOOK NUMBER
International Standard Book Number 9780195392876 (pbk.)
040 ## - CATALOGING SOURCE
Original cataloging agency DLC
Transcribing agency DLC
Modifying agency DLC
042 ## - AUTHENTICATION CODE
Authentication code pcc
050 00 - LIBRARY OF CONGRESS CALL NUMBER
Classification number GN25
Item number .LAV 2013
100 1# - MAIN ENTRY--PERSONAL NAME
Personal name Lavenda, Robert H.
Relator term author
245 10 - TITLE STATEMENT
Title Anthropology :
Remainder of title what does it mean to be human? /
Statement of responsibility, etc. Robert H. Lavenda, Emily A. Schultz.
250 ## - EDITION STATEMENT
Edition statement 2nd edition.
260 ## - PUBLICATION, DISTRIBUTION, ETC.
Place of publication, distribution, etc. New York :
Name of publisher, distributor, etc. Oxford University Press,
Date of publication, distribution, etc. c2013.
300 ## - PHYSICAL DESCRIPTION
Extent xxvi, 501 pages. :
Other physical details ill. (chiefly col.), col. maps ;
Dimensions 28 cm.
504 ## - BIBLIOGRAPHY, ETC. NOTE
Bibliography, etc. note Includes bibliographic references (p. 478-490) and index.
650 #0 - SUBJECT ADDED ENTRY--TOPICAL TERM
Topical term or geographic name entry element Anthropology.
700 1# - ADDED ENTRY--PERSONAL NAME
Personal name Schultz, Emily A.
Fuller form of name (Emily Ann),
Dates associated with a name 1949-
Relator term author
906 ## - LOCAL DATA ELEMENT F, LDF (RLIN)
a 7
b cbc
c orignew
d 1
e ecip
f 20
g y-gencatlg
942 ## - ADDED ENTRY ELEMENTS (KOHA)
Source of classification or shelving scheme Library of Congress Classification
Koha item type Books
Edition Second edition
Classification part 25
Item part LAV
Call number prefix GN
Holdings
Withdrawn status Lost status Source of classification or shelving scheme Damaged status Not for loan Collection code Home library Current library Shelving location Date acquired Source of acquisition Total Checkouts Full call number Barcode Date last seen Date last checked out Copy number Price effective from Koha item type
    Library of Congress Classification     Non-fiction City Campus Library City Campus Library General Stacks 10/14/2021 American Embassy - Harare 1 GN25 LAV 2013 031641 11/07/2023 11/01/2023 c. 1 10/14/2021 Books